La pintura en el cine, el cine en la pintura /
Salvato in:
| Autore principale: | |
|---|---|
| Altri autori: | |
| Natura: | Elettronico eBook |
| Lingua: | spagnolo |
| Pubblicazione: |
Madrid :
Ocho y Medio, Libros de Cine,
2003.
|
| Edizione: | 1. ed. |
| Serie: | Fahrenheit 451 (Madrid, Spain) ;
1. |
| Soggetti: | |
| Accesso online: | Digitalia Hispánica |
| Tags: |
Aggiungi Tag
Nessun Tag, puoi essere il primo ad aggiungerne!!
|
MARC
| LEADER | 00000nam a2200000Ii 4500 | ||
|---|---|---|---|
| 001 | DIG0000091 | ||
| 003 | NyNyDIG | ||
| 006 | m o d | ||
| 007 | cr ||||||||||| | ||
| 008 | 030725s2003 sp a o 000 0 spa d | ||
| 020 | |z 8495839393 | ||
| 020 | |z 9788495839398 | ||
| 035 | |a (OCoLC)875214338 | ||
| 040 | |a DGITA |b eng |e pn |c DGITA | ||
| 043 | |a e-sp--- | ||
| 050 | 1 | 4 | |a ND1158.M66 eBook |
| 100 | 1 | |a Borau, José Luis, |d 1929- | |
| 245 | 1 | 3 | |a La pintura en el cine, el cine en la pintura / |c José Luís Borau ; prólogo, Francisco Calvo Serraller. |
| 250 | |a 1. ed. | ||
| 264 | 1 | |a Madrid : |b Ocho y Medio, Libros de Cine, |c 2003. | |
| 300 | |a 1 online resource (187 pages) : |b ill. | ||
| 336 | |a text |b txt |2 rdacontent | ||
| 337 | |a computer |b c |2 rdamedia | ||
| 338 | |a online resource |b cr |2 rdacarrier | ||
| 490 | 1 | |a Farenheit 451 ; |v 1 | |
| 500 | |a "Discursos de ingreso en las RR.AA. de Bellas Artes de San Luis y de San Fernando [26 de octubre 2001 y 21 de abril, 2001], con los de contestación correspondientes [por los señores José Pasqual de Quinto de Los Ríos y Luis García-Berlanga Martí]." | ||
| 500 | |a Includes index. | ||
| 610 | 2 | 0 | |a Real Academia de Bellas Artes de San Fernando. |
| 650 | 0 | |a Painting and motion pictures. | |
| 650 | 0 | |a Painting, Modern |y 20th century |x Themes, motives. | |
| 655 | 0 | |a Electronic books. | |
| 700 | 1 | |a Calvo Serraller, Francisco, |d 1948- | |
| 791 | 2 | |a Digitalia (Firm), |e distributor. | |
| 793 | 0 | |g Digitalia eBook Collection: |a Ocho y Medio. | |
| 830 | 0 | |a Fahrenheit 451 (Madrid, Spain) ; |v 1. | |
| 856 | 4 | 0 | |3 Digitalia Hispánica |u https://digitalia.unach.elogim.com/a/405/ |
| 910 | |a Premium Collection: 2007-2012 | ||